000 00783nam a2200253Ia 4500
003 OSt
005 20221005034648.0
006 a|||||r|||| 00| 0
007 ta
008 221004b |||||||| |||| 00| 0 urd d
020 _a9789350738313 (hbk)
_cINR 129.00
024 _a36943
037 _b5145, 31/01/2018, Kitabi Duniya
_cTextual
040 _aCRL
_cCRL
_burd
041 _2urd
_aurd
082 _aO168,6NRAx, Q6
100 _aAra Arjumand Au.
_9177981
245 0 _aTanisi mutaliaat aur doosre mazameen
260 _aDelhi
_bEducational publishing house India
_c2016
300 _a227p.
_ccm.
650 _aURDU PROSE
_926866
942 _hO168,6NRAx, Q6
_cTEXL
_2cc
999 _c943846
_d943846